| 000 | 00483 a2200157 4500 | ||
|---|---|---|---|
| 020 | _a981238149X | ||
| 020 | _a9812381481 | ||
| 040 |
_aDLC _bDLC |
||
| 100 | 1 | _aVeltman, Martinus. | |
| 245 | 1 | 0 |
_aFacts and mysteries in elementary particle physics _cMartinus J.G. Veltman. |
| 260 |
_aRiver Edge, NJ : _bWorld Scientific Pub., _cc2003. |
||
| 300 |
_aviii, 340 p. : _bill. ; _c23 cm. |
||
| 500 | _aIncludes index. | ||
| 650 | 0 | _aParticles (Nuclear physics) | |
| 942 |
_cBK _k539.72 VEL _2ddc |
||
| 999 |
_c7759 _d7759 |
||